Ciencias naturales, cuarto grado. Libro de maestro.

Saved in:
Bibliographic Details
Format: Book
Language:Spanish
Published: México Secretaría de Educación Pública 1975
Edition:2ª. ed.
Textbook Catalogue:MANES:  Library Catalog Search Result
Textbook Classification:
Tags: Add Tag
No Tags, Be the first to tag this record!
Added to:2019-06-17
Changed in:2019-06-17

MARC

LEADER 00000nam a2200000 4500
005 20190618014237.0
008 190618b xxu||||| |||| 00| 0 spa d
040 |a centro_manes   |c universidad_colima 
245 |a Ciencias naturales, cuarto grado. Libro de maestro.  
250 |a 2ª. ed.  
260 |a México   |b Secretaría de Educación Pública   |c 1975 
300 |a 144 p.   |c 26 cm.  |e  Ils.  
500 |a Campo 500: Aparece: Francisco Ziga, "Bibliografía Pedagógica. Libros de texto para enseñanza primaria: 1850-1970 VII y VIII. "Libros de Ciencias Naturales. Lecciones y Nociones de Cosas." en Boletín del Instituto de Investigaciones Bibliográficas 1981-1982, Biblioteca Nacional, Hemeroteca Nacional, Universidad Nacional Autónoma de México, Nos. 18 - 19, p. 372. 
690 0 |a CN 
691 0 |a PRI 
942 |2 ddc  |c BK 
999 |c 85597  |d 85597 
999 |c manes:85597  |d 85597